Problems of advanced micro-and nanoelectronic systems development - 2018. Iss. 4 (Запись № 12012098)

Подробности
000 -МАРКЕР
контрольное поле 02132nam2a2200313 4500
001 - ИДЕНТИФИКАТОР ЗАПИСИ
контрольное поле RU\NLR\BIBL_A\012124666
005 - ИДЕНТИФИКАТОР ВЕРСИИ
контрольное поле 20191029165410.0
010 ## - МЕЖДУНАРОДНЫЙ СТАНДАРТНЫЙ НОМЕР КНИГИ (ISBN)
Номер (ISBN) 978-5-94627-192-9
Тираж 100
021 ## - НОМЕР ГОСУДАРСТВЕННОЙ РЕГИСТРАЦИИ
Код страны Российская Федерация
Номер КН-П-19-069918
Номер Листа государственной регистраци КН-П-19-5042
035 ## - ДРУГИЕ СИСТЕМНЫЕ НОМЕРА
Идентификатор записи (NLR Aleph) 012124666
035 ## - ДРУГИЕ СИСТЕМНЫЕ НОМЕРА
Идентификатор записи (RuMoRGB)010096200
100 ## - ДАННЫЕ ОБЩЕЙ ОБРАБОТКИ
Данные общей обработки 20191021d2019 k y0rusy50 ca
101 0# - ЯЗЫК РЕСУРСА
Язык текста, звукозаписи и т.д. английский
-- русский
102 ## - СТРАНА ПУБЛИКАЦИИ ИЛИ ПРОИЗВОДСТВА
Страна публикации Российская Федерация
105 ## - ПОЛЕ КОДИРОВАННЫХ ДАННЫХ: ТЕКСТОВЫЕ МАТЕРИАЛЫ, МОНОГРАФИЧЕСКИЕ
Кодированные данные о монографическом текстовом документе a z 000zy
200 0# - ЗАГЛАВИЕ И СВЕДЕНИЯ ОБ ОТВЕТСТВЕННОСТИ
Основное заглавие Iss. 4
210 ## - ПУБЛИКАЦИЯ, РАСПРОСТРАНЕНИЕ И ДР.
Дата издания, распространения и т.д. 2019
215 ## - ФИЗИЧЕСКАЯ ХАРАКТЕРИСТИКА
Специфическое обозначение материала и объем VI, 45 с.
Другие сведения о физической характеристике ил., цв. ил.
313 ## - ПРИМЕЧАНИЯ, ОТНОСЯЩИЕСЯ К ТЕМАТИЧЕСКОМУ ДОСТУПУ
Текст примечания Секция 9. Проектирование электронной компонентной базы. Секция 10. Проектирование радиационно-стойких СБИС и элементов для космической техники. Секция 11. Решение сетевых и алгоритмических задач
461 #0 - УРОВЕНЬ НАБОРА
Встроенное поле 001RU\NLR\BIBL_A\012124620
-- 2001#$aProblems of advanced micro-and nanoelectronic systems development - 2018$eVIII All-Russia science & technology conference$eselected articles$f[chief editor: Alexander L. Stempkovsky, academician of RAS, Doctor of science, Professor]$vIss. 4
Системный номер (АБИС) связанной записи 12011861
Место публикации Москва
Дата публикации 2019
Первые сведения об ответственности [chief editor: Alexander L. Stempkovsky, academician of RAS, Doctor of science, Professor]
Имя издателя, распространителя и т.д. Federal state budget science institute for design problems in microelectronics of Russian academy of sciences
Сведения, относящиеся к заглавию VIII All-Russia science & technology conference : selected articles
Заглавие Problems of advanced micro-and nanoelectronic systems development - 2018
ISBN 9785946271851
Номер тома Iss. 4
606 1# - НАИМЕНОВАНИЕ ТЕМЫ КАК ПРЕДМЕТ
Наименование темы Большие интегральные схемы
Формальный подзаголовок Съезды, совещания и т.п
Тематический подзаголовок Проектирование
Системный номер авторитетной/нормативной записи 2299501
Идентификатор авторитетной/нормативной записи RU\NLR\AUTH\661376777
606 1# - НАИМЕНОВАНИЕ ТЕМЫ КАК ПРЕДМЕТ
Наименование темы Большие интегральные схемы
Формальный подзаголовок Съезды, совещания и т.п
Тематический подзаголовок Радиационная стойкость
Системный номер авторитетной/нормативной записи 2211905
Идентификатор авторитетной/нормативной записи RU\NLR\AUTH\6601562525
686 1# - ИНДЕКСЫ ДРУГИХ КЛАССИФИКАЦИЙ
Индекс З844.15-02я431(2)
686 1# - ИНДЕКСЫ ДРУГИХ КЛАССИФИКАЦИЙ
Индекс З844.15-019.8я431(2)
942 ## - ДОПОЛНИТЕЛЬНЫЕ ЭЛЕМЕНТЫ ЗАПИСИ (АБИС)
Тип экземпляра АБИС Книга
980 ## - КОЛЛЕКЦИЯ
Название коллекции Национальная библиография
Экземпляры
Тип экземпляра Дата поступления Источник поступления Библиотека постоянного хранения Библиотека текущего хранения Место хранения Шифр хранения Штрих-код Статус экземпляра
Книга 21.10.2019 Обязательный экземпляр РНБ (Московский) РНБ (Московский) Иностранный книжный фонд Ик 2019-8/195 1-2904926